[Event "Wroclaw"]
[Site "?"]
[Date "2020.08.27"]
[Round "9.10"]
[White "Kulesza, Andrzej"]
[Black "Musial, Tomasz"]
[Result "1/2-1/2"]
[BlackElo "1931"]
[WhiteElo "1749"]
[LiveChessVersion "1.4.8"]

1. e4 {[%clk 0:03:03]} e6 {[%clk 0:03:04]} 2. d4 {[%clk 0:03:05]} d5
{[%clk 0:03:05]} 3. Nd2 {[%clk 0:03:05]} c5 {[%clk 0:03:06]} 4. Ngf3
{[%clk 0:03:06]} cxd4 {[%clk 0:03:07]} 5. exd5 {[%clk 0:03:07]} Qxd5
{[%clk 0:03:07]} 6. Bc4 {[%clk 0:03:08]} Qd6 {[%clk 0:03:08]} 7. O-O
{[%clk 0:03:08]} Nf6 {[%clk 0:03:09]} 8. Nb3 {[%clk 0:03:08]} Nc6
{[%clk 0:03:10]} 9. Nbxd4 {[%clk 0:03:09]} Nxd4 {[%clk 0:03:11]} 10. Nxd4
{[%clk 0:03:10]} a6 {[%clk 0:03:12]} 11. c3 {[%clk 0:03:09]} Qc7 {[%clk 0:03:12]}
12. Bb3 {[%clk 0:03:09]} Bd6 {[%clk 0:03:11]} 13. h3 {[%clk 0:03:07]} O-O
{[%clk 0:03:08]} 14. Bg5 {[%clk 0:03:07]} Bh2+ {[%clk 0:02:58]} 15. Kh1
{[%clk 0:03:07]} Be5 {[%clk 0:02:57]} 16. Nf3 {[%clk 0:02:53]} Bf4
{[%clk 0:02:50]} 17. Bxf6 {[%clk 0:02:49]} gxf6 {[%clk 0:02:51]} 18. Bc2
{[%clk 0:02:49]} b5 {[%clk 0:02:18]} 19. Qe2 {[%clk 0:02:21]} Bb7
{[%clk 0:02:01]} 20. Rad1 {[%clk 0:02:22]} Rad8 {[%clk 0:01:53]} 21. Nd4
{[%clk 0:02:19]} Qe5 {[%clk 0:01:29]} 22. Qxe5 {[%clk 0:02:02]} Bxe5
{[%clk 0:01:20]} 23. Nb3 {[%clk 0:02:01]} Bd5 {[%clk 0:01:03]} 24. Nc5
{[%clk 0:01:42]} Bd6 {[%clk 0:00:57]} 25. Nxa6 {[%clk 0:01:23]} Ra8
{[%clk 0:00:55]} 26. Nb4 {[%clk 0:01:14]} Bxb4 {[%clk 0:00:54]} 27. cxb4
{[%clk 0:01:15]} Rxa2 {[%clk 0:00:54]} 28. Rb1 {[%clk 0:01:15]} Rc8
{[%clk 0:00:42]} 29. Bd3 {[%clk 0:01:11]} Ra7 {[%clk 0:00:17]} 30. Rfc1
{[%clk 0:00:41]} Rac7 {[%clk 0:00:18]} 31. Rxc7 {[%clk 0:00:42]} Rxc7
{[%clk 0:00:20]} 32. Bxb5 {[%clk 0:00:43]} Rb7 {[%clk 0:00:21]} 33. Bf1
{[%clk 0:00:43]} Rxb4 {[%clk 0:00:22]} 34. Kg1 {[%clk 0:00:41]} Ba2
{[%clk 0:00:21]} 35. Ra1 {[%clk 0:00:40]} Rxb2 {[%clk 0:00:22]} 36. Bd3
{[%clk 0:00:40]} Bd5 {[%clk 0:00:21]} 37. Rc1 {[%clk 0:00:37]} Kg7
{[%clk 0:00:21]} 38. Rc3 {[%clk 0:00:34]} f5 {[%clk 0:00:20]} 39. Bc2
{[%clk 0:00:31]} Ra2 {[%clk 0:00:16]} 40. Kh2 {[%clk 0:00:28]} Kf6
{[%clk 0:00:14]} 41. f3 {[%clk 0:00:25]} Ra7 {[%clk 0:00:09]} 42. Rc8
{[%clk 0:00:20]} Ra8 {[%clk 0:00:06]} 43. Rc7 {[%clk 0:00:20]} Ra2
{[%clk 0:00:06]} 44. Kg3 {[%clk 0:00:18]} Rb2 {[%clk 0:00:06]} 45. Bd3
{[%clk 0:00:17]} Rb4 {[%clk 0:00:06]} 46. Bf1 {[%clk 0:00:17]} Rb7
{[%clk 0:00:07]} 47. Rc8 {[%clk 0:00:18]} Kg7 {[%clk 0:00:08]} 48. Bd3
{[%clk 0:00:19]} Rd7 {[%clk 0:00:08]} 49. Bc2 {[%clk 0:00:20]} Bb7
{[%clk 0:00:09]} 50. Rc5 {[%clk 0:00:20]} Rd5 {[%clk 0:00:09]} 51. Rc7
{[%clk 0:00:21]} Rb5 {[%clk 0:00:09]} 52. Bd3 {[%clk 0:00:22]} Rb6
{[%clk 0:00:10]} 53. Bc2 {[%clk 0:00:22]} Rc6 {[%clk 0:00:09]} 54. Rxb7
{[%clk 0:00:22]} Rxc2 {[%clk 0:00:10]} 55. Ra7 {[%clk 0:00:24]} Kg6
{[%clk 0:00:11]} 56. Rb7 {[%clk 0:00:24]} f4+ {[%clk 0:00:11]} 57. Kxf4 Rxg2
{[%clk 0:00:12]} 58. Rb6 {[%clk 0:00:22]} Rh2 {[%clk 0:00:12]} 59. Kg3
{[%clk 0:00:23]} Ra2 {[%clk 0:00:13]} 60. Rc6 {[%clk 0:00:24]} Ra4
{[%clk 0:00:14]} 61. Rb6 {[%clk 0:00:25]} Kf5 {[%clk 0:00:15]} 62. Rb7
{[%clk 0:00:26]} Kg6 {[%clk 0:00:15]} 63. Rb6 {[%clk 0:00:27]} h6
{[%clk 0:00:16]} 64. Rc6 {[%clk 0:00:28]} Kf5 {[%clk 0:00:17]} 65. Rc7
{[%clk 0:00:29]} f6 {[%clk 0:00:18]} 66. Rb7 {[%clk 0:00:29]} e5 {[%clk 0:00:19]}
67. Rh7 {[%clk 0:00:29]} Kg6 {[%clk 0:00:20]} 68. Rh8 {[%clk 0:00:30]} Ra3
{[%clk 0:00:21]} 69. Kg2 {[%clk 0:00:30]} Kg5 {[%clk 0:00:21]} 70. Rg8+
{[%clk 0:00:30]} Kf4 {[%clk 0:00:22]} 71. Rg4+ {[%clk 0:00:31]} Kf5
{[%clk 0:00:19]} 72. Rg8 {[%clk 0:00:31]} Kf4 {[%clk 0:00:15]} 73. Rg4+
{[%clk 0:00:32]} Kf5 {[%clk 0:00:15]} 74. Rg8 {[%clk 0:00:33]} Rc3
{[%clk 0:00:16]} 75. Rh8 {[%clk 0:00:32]} Kf4 {[%clk 0:00:10]} 76. Rxh6
{[%clk 0:00:32]} Rc2+ {[%clk 0:00:11]} 77. Kf1 {[%clk 0:00:34]} f5
{[%clk 0:00:11]} 78. Rh5 {[%clk 0:00:34]} Rc3 {[%clk 0:00:10]} 79. Kg2
{[%clk 0:00:35]} Rc2+ {[%clk 0:00:11]} 80. Kf1 {[%clk 0:00:36]} Rh2
{[%clk 0:00:08]} 81. Kg1 {[%clk 0:00:37]} Ra2 {[%clk 0:00:09]} 82. Kf1
{[%clk 0:00:38]} Rb2 {[%clk 0:00:08]} 83. Kg1 {[%clk 0:00:39]} Kg3
{[%clk 0:00:06]} 84. Rg5+ {[%clk 0:00:38]} Kf4 {[%clk 0:00:06]} 85. Rh5
{[%clk 0:00:39]} Rb3 {[%clk 0:00:07]} 86. Kg2 {[%clk 0:00:40]} Rb2+
{[%clk 0:00:08]} 87. Kg1 {[%clk 0:00:41]} e4 {[%clk 0:00:09]} 88. fxe4
{[%clk 0:00:42]} fxe4 {[%clk 0:00:10]} 89. Kf1 {[%clk 0:00:40]} Kf3
{[%clk 0:00:11]} 90. Rf5+ {[%clk 0:00:40]} Ke3 {[%clk 0:00:12]} 91. h4
{[%clk 0:00:40]} Rh2 {[%clk 0:00:13]} 92. h5 {[%clk 0:00:40]} Kd2
{[%clk 0:00:06]} 93. Ra5 {[%clk 0:00:39]} Ke3 {[%clk 0:00:06]} 94. Ra3+
{[%clk 0:00:39]} Kf4 {[%clk 0:00:07]} 95. Ra5 {[%clk 0:00:40]} Kf3
{[%clk 0:00:07]} 96. Rf5+ {[%clk 0:00:38]} Kg4 {[%clk 0:00:07]} 97. Re5
{[%clk 0:00:39]} Kf4 {[%clk 0:00:08]} 98. Ra5 {[%clk 0:00:40]} e3
{[%clk 0:00:09]} 99. Ke1 {[%clk 0:00:40]} Kf3 {[%clk 0:00:10]} 100. Rf5+
{[%clk 0:00:41]} Ke4 {[%clk 0:00:11]} 101. Ra5 {[%clk 0:00:43]} Rh1+
{[%clk 0:00:08]} 102. Ke2 {[%clk 0:00:44]} Rh2+ {[%clk 0:00:09]} 1/2-1/2

[Event "Wroclaw"]
[Site "?"]
[Date "2020.08.27"]
[Round "9.11"]
[White "Radecki, Adam"]
[Black "Pelka, Michal"]
[Result "1-0"]
[BlackElo "1658"]
[WhiteElo "1908"]
[LiveChessVersion "1.4.8"]

1. e4 {[%clk 0:03:03]} c6 {[%clk 0:03:00]} 2. d3 {[%clk 0:03:04]} e5
{[%clk 0:02:44]} 3. Nf3 Qc7 4. g3 {[%clk 0:03:05]} Nf6 {[%clk 0:02:33]} 5. Bg2
{[%clk 0:03:06]} Be7 {[%clk 0:02:29]} 6. O-O {[%clk 0:03:06]} O-O
{[%clk 0:02:30]} 7. c3 {[%clk 0:03:07]} d5 {[%clk 0:02:27]} 8. Nbd2
{[%clk 0:03:03]} Bg4 {[%clk 0:02:25]} 9. Qc2 {[%clk 0:03:01]} Nbd7
{[%clk 0:02:23]} 10. Re1 {[%clk 0:03:01]} Rfe8 {[%clk 0:02:22]} 11. h3
{[%clk 0:03:00]} Bh5 {[%clk 0:02:15]} 12. Nf1 {[%clk 0:02:58]} Bd6
{[%clk 0:02:04]} 13. Bg5 {[%clk 0:02:43]} h6 {[%clk 0:02:00]} 14. Bd2
{[%clk 0:02:43]} Nc5 {[%clk 0:01:53]} 15. Rad1 {[%clk 0:02:19]} Rad8
{[%clk 0:01:17]} 16. Bc1 {[%clk 0:02:20]} Bg6 {[%clk 0:01:11]} 17. Nh4
{[%clk 0:02:18]} Bh7 {[%clk 0:01:12]} 18. g4 {[%clk 0:02:16]} Be7
{[%clk 0:01:01]} 19. Nf5 {[%clk 0:02:16]} Bf8 {[%clk 0:00:54]} 20. N1g3
{[%clk 0:02:16]} Ne6 {[%clk 0:00:47]} 21. a3 {[%clk 0:01:59]} Nf4
{[%clk 0:00:47]} 22. Ne2 {[%clk 0:01:37]} Bxf5 {[%clk 0:00:30]} 23. Nxf4
{[%clk 0:01:17]} Bxe4 {[%clk 0:00:30]} 24. dxe4 {[%clk 0:01:11]} exf4
{[%clk 0:00:31]} 25. exd5 {[%clk 0:01:07]} Nxd5 {[%clk 0:00:28]} 26. Rxe8
{[%clk 0:01:07]} Rxe8 {[%clk 0:00:30]} 27. Bxd5 {[%clk 0:01:08]} cxd5
{[%clk 0:00:30]} 28. Qf5 {[%clk 0:01:03]} Qc4 {[%clk 0:00:10]} 29. Qxf4
{[%clk 0:00:51]} Qb3 {[%clk 0:00:09]} 30. Qd4 {[%clk 0:00:45]} Rd8
{[%clk 0:00:08]} 31. c4 {[%clk 0:00:41]} b6 {[%clk 0:00:05]} 32. cxd5
{[%clk 0:00:36]} Bc5 {[%clk 0:00:07]} 33. Qd3 {[%clk 0:00:37]} Qa4
{[%clk 0:00:08]} 34. Be3 {[%clk 0:00:33]} Bd6 {[%clk 0:00:05]} 35. Rc1
{[%clk 0:00:18]} Qd7 {[%clk 0:00:06]} 36. b4 {[%clk 0:00:16]} Qe7
{[%clk 0:00:08]} 37. Re1 {[%clk 0:00:12]} Qe5 {[%clk 0:00:07]} 38. f4
{[%clk 0:00:13]} Qf6 {[%clk 0:00:07]} 39. Rf1 {[%clk 0:00:13]} Re8
{[%clk 0:00:08]} 40. Bd4 {[%clk 0:00:13]} Qh4 {[%clk 0:00:09]} 41. Qf3
{[%clk 0:00:12]} Re1 {[%clk 0:00:09]} 42. Be5 {[%clk 0:00:12]} Rxf1+
{[%clk 0:00:10]} 43. Kxf1 {[%clk 0:00:13]} Qe7 {[%clk 0:00:09]} 44. Qe2
{[%clk 0:00:08]} g6 {[%clk 0:00:06]} 45. Bxd6 {[%clk 0:00:09]} Qxd6 46. Qe4
{[%clk 0:00:11]} Qc7 {[%clk 0:00:09]} 47. Qd3 {[%clk 0:00:09]} Qxf4+
{[%clk 0:00:10]} 48. Ke2 {[%clk 0:00:10]} Qe5+ {[%clk 0:00:11]} 49. Kd2
{[%clk 0:00:10]} Qb2+ {[%clk 0:00:12]} 50. Ke3 {[%clk 0:00:11]} Qc1+
{[%clk 0:00:13]} 51. Kd4 {[%clk 0:00:11]} Qg1+ {[%clk 0:00:14]} 52. Qe3
{[%clk 0:00:10]} Qa1+ {[%clk 0:00:15]} 53. Ke4 {[%clk 0:00:11]} Qh1+
{[%clk 0:00:11]} 54. Kd4 {[%clk 0:00:12]} Qa1+ {[%clk 0:00:12]} 55. Kc4
{[%clk 0:00:11]} Qf1+ {[%clk 0:00:09]} 56. Qd3 {[%clk 0:00:12]} Qc1+
{[%clk 0:00:08]} 57. Kb5 {[%clk 0:00:12]} Qc8 {[%clk 0:00:04]} 58. d6
{[%clk 0:00:07]} Qd7+ {[%clk 0:00:04]} 59. Ka6 {[%clk 0:00:08]} Kh7
{[%clk 0:00:03]} 60. b5 {[%clk 0:00:09]} Qc8+ {[%clk 0:00:03]} 61. Kxa7
{[%clk 0:00:09]} Qd7+ {[%clk 0:00:03]} 62. Kxb6 {[%clk 0:00:09]} Qd8+
{[%clk 0:00:05]} 63. Kc6 {[%clk 0:00:10]} Qa8+ {[%clk 0:00:06]} 64. Kc5
{[%clk 0:00:11]} Qa7+ {[%clk 0:00:07]} 65. Kb4 {[%clk 0:00:12]} Qd7
{[%clk 0:00:08]} 66. a4 {[%clk 0:00:13]} Qc8 {[%clk 0:00:08]} 67. a5
{[%clk 0:00:14]} Qc1 {[%clk 0:00:09]} 68. d7 {[%clk 0:00:15]} Qb2+
{[%clk 0:00:11]} 69. Kc5 {[%clk 0:00:16]} Qc1+ {[%clk 0:00:11]} 70. Kb6
{[%clk 0:00:17]} Qg1+ {[%clk 0:00:12]} 71. Ka6 {[%clk 0:00:18]} 1-0

[Event "Wroclaw"]
[Site "?"]
[Date "2020.08.27"]
[Round "10.1"]
[White "Kozak, Antoni"]
[Black "Teclaf, Pawel"]
[Result "1/2-1/2"]
[BlackElo "2383"]
[WhiteElo "2320"]
[LiveChessVersion "1.4.8"]

1. Nf3 {[%clk 0:03:02]} Nf6 {[%clk 0:03:03]} 2. c4 {[%clk 0:03:03]} b6
{[%clk 0:03:05]} 3. g3 {[%clk 0:03:04]} Bb7 {[%clk 0:03:06]} 4. Bg2
{[%clk 0:03:05]} c5 {[%clk 0:03:08]} 5. O-O {[%clk 0:03:06]} e6 {[%clk 0:03:08]}
6. Nc3 {[%clk 0:03:06]} a6 {[%clk 0:03:10]} 7. d4 {[%clk 0:03:03]} cxd4
{[%clk 0:03:11]} 8. Qxd4 {[%clk 0:03:04]} d6 {[%clk 0:03:12]} 9. Bg5
{[%clk 0:03:04]} Nbd7 {[%clk 0:02:59]} 10. Rfd1 {[%clk 0:02:37]} Be7
{[%clk 0:02:57]} 11. e4 {[%clk 0:02:37]} Qc7 {[%clk 0:02:45]} 12. Rac1
{[%clk 0:02:19]} O-O {[%clk 0:02:44]} 13. h3 {[%clk 0:02:11]} Rac8
{[%clk 0:02:44]} 14. b3 {[%clk 0:02:12]} Ba8 {[%clk 0:02:34]} 15. Qe3
{[%clk 0:01:52]} Qb8 {[%clk 0:02:28]} 16. a4 {[%clk 0:01:44]} Rfe8
{[%clk 0:02:20]} 17. Nd4 h6 {[%clk 0:02:16]} 18. Bxf6 {[%clk 0:01:02]} Bxf6
{[%clk 0:02:01]} 19. Qd2 {[%clk 0:00:46]} Nc5 {[%clk 0:01:41]} 20. Rb1 h5
{[%clk 0:01:42]} 21. h4 {[%clk 0:00:43]} g6 22. Nde2 Red8 {[%clk 0:01:24]} 23.
Qe3 {[%clk 0:00:30]} Re8 {[%clk 0:01:24]} 24. Qd2 {[%clk 0:00:23]} Red8
{[%clk 0:01:10]} 25. Nd4 {[%clk 0:00:23]} Qc7 {[%clk 0:01:02]} 26. Kh1
{[%clk 0:00:18]} Qe7 {[%clk 0:01:02]} 27. Kg1 {[%clk 0:00:18]} Nd7
{[%clk 0:00:51]} 28. Nde2 {[%clk 0:00:13]} Ne5 {[%clk 0:00:47]} 29. Qe3
{[%clk 0:00:13]} Qc7 {[%clk 0:00:46]} 30. Qd2 {[%clk 0:00:12]} Ng4
{[%clk 0:00:45]} 31. Nd4 {[%clk 0:00:12]} Qc5 {[%clk 0:00:42]} 32. Bf3 Ne5
{[%clk 0:00:34]} 33. Be2 {[%clk 0:00:13]} Qc7 {[%clk 0:00:31]} 34. Qe3
{[%clk 0:00:11]} Nd7 {[%clk 0:00:29]} 35. Qd2 {[%clk 0:00:12]} Be5
{[%clk 0:00:30]} 36. b4 {[%clk 0:00:12]} Bf6 {[%clk 0:00:28]} 37. b5
{[%clk 0:00:11]} a5 {[%clk 0:00:29]} 38. Nc6 {[%clk 0:00:10]} Bxc6
{[%clk 0:00:28]} 39. bxc6 {[%clk 0:00:11]} Nc5 40. Bf3 {[%clk 0:00:11]} Qxc6
{[%clk 0:00:30]} 41. Nb5 {[%clk 0:00:11]} Be5 {[%clk 0:00:23]} 42. Qe2
{[%clk 0:00:12]} Nxa4 {[%clk 0:00:22]} 43. Rb3 {[%clk 0:00:06]} Nc5
{[%clk 0:00:21]} 44. Re3 {[%clk 0:00:07]} a4 {[%clk 0:00:14]} 45. Kg2
{[%clk 0:00:06]} Ra8 {[%clk 0:00:14]} 46. Rd2 {[%clk 0:00:05]} Nb3
{[%clk 0:00:15]} 47. Ra2 {[%clk 0:00:05]} Nd4 {[%clk 0:00:16]} 48. Nxd4
{[%clk 0:00:07]} Bxd4 {[%clk 0:00:17]} 49. e5 {[%clk 0:00:08]} d5
{[%clk 0:00:16]} 50. cxd5 {[%clk 0:00:08]} exd5 {[%clk 0:00:17]} 51. Rd3
{[%clk 0:00:09]} Qc4 {[%clk 0:00:14]} 52. Qd2 {[%clk 0:00:09]} Bxe5
{[%clk 0:00:09]} 53. Bxd5 {[%clk 0:00:11]} Qb5 {[%clk 0:00:10]} 54. Bxa8
{[%clk 0:00:12]} Rxa8 {[%clk 0:00:11]} 55. Rd5 {[%clk 0:00:11]} Qc6
{[%clk 0:00:10]} 56. Kh2 {[%clk 0:00:13]} Bf6 {[%clk 0:00:10]} 57. Rd6
{[%clk 0:00:14]} Qc5 {[%clk 0:00:10]} 58. Rc2 {[%clk 0:00:15]} Qe5
{[%clk 0:00:08]} 59. Rd5 {[%clk 0:00:16]} Qe6 {[%clk 0:00:09]} 60. Rd6
{[%clk 0:00:17]} Qe5 61. Rxb6 {[%clk 0:00:17]} a3 {[%clk 0:00:12]} 62. Ra2
{[%clk 0:00:18]} Qc5 {[%clk 0:00:10]} 63. Rb7 {[%clk 0:00:19]} Be7
{[%clk 0:00:10]} 64. Qf4 {[%clk 0:00:15]} Bf6 {[%clk 0:00:10]} 65. Qc7
{[%clk 0:00:11]} Qxc7 {[%clk 0:00:04]} 66. Rxc7 {[%clk 0:00:12]} Bb2
{[%clk 0:00:06]} 67. Kg2 {[%clk 0:00:12]} Rd8 {[%clk 0:00:07]} 68. Ra7
{[%clk 0:00:13]} 1/2-1/2

[Event "Wroclaw"]
[Site "?"]
[Date "2020.08.27"]
[Round "10.2"]
[White "Kokoszczynski, Jan"]
[Black "Godzwon, Iwo"]
[Result "0-1"]
[BlackElo "2193"]
[WhiteElo "2163"]
[LiveChessVersion "1.4.8"]

1. d4 {[%clk 0:03:04]} Nf6 {[%clk 0:03:04]} 2. c4 {[%clk 0:03:05]} g6
{[%clk 0:03:05]} 3. Nc3 {[%clk 0:03:05]} Bg7 {[%clk 0:03:03]} 4. e4
{[%clk 0:03:06]} d6 {[%clk 0:03:04]} 5. Be3 {[%clk 0:03:07]} O-O {[%clk 0:03:02]}
6. Be2 {[%clk 0:03:04]} Na6 {[%clk 0:02:56]} 7. Nf3 {[%clk 0:02:50]} e5
{[%clk 0:02:51]} 8. dxe5 {[%clk 0:02:14]} dxe5 {[%clk 0:02:52]} 9. h3
{[%clk 0:02:16]} Qe7 {[%clk 0:02:48]} 10. Qa4 {[%clk 0:02:10]} c6
{[%clk 0:02:46]} 11. O-O {[%clk 0:02:08]} Nh5 {[%clk 0:02:38]} 12. Rfd1
{[%clk 0:01:58]} Nf4 {[%clk 0:02:38]} 13. Bf1 {[%clk 0:01:58]} g5
{[%clk 0:02:36]} 14. Ne2 {[%clk 0:01:36]} h5 {[%clk 0:02:31]} 15. Ng3
{[%clk 0:01:29]} g4 {[%clk 0:02:28]} 16. hxg4 {[%clk 0:01:26]} hxg4
{[%clk 0:02:28]} 17. Ne1 {[%clk 0:01:20]} Qh4 {[%clk 0:01:57]} 18. Nd3
{[%clk 0:01:07]} Nxd3 {[%clk 0:01:56]} 19. Bxd3 {[%clk 0:00:55]} Bh6
{[%clk 0:01:57]} 20. Bxh6 {[%clk 0:00:45]} Qxh6 {[%clk 0:01:58]} 21. Nf5
{[%clk 0:00:47]} Bxf5 {[%clk 0:01:56]} 22. exf5 {[%clk 0:00:48]} Kg7
{[%clk 0:01:55]} 23. Qa3 {[%clk 0:00:45]} Rh8 {[%clk 0:01:52]} 24. f6+
{[%clk 0:00:29]} Qxf6 {[%clk 0:01:51]} 25. Be4 {[%clk 0:00:30]} Qf4
{[%clk 0:01:49]} 26. Re1 {[%clk 0:00:13]} Rad8 {[%clk 0:01:32]} 27. Qe3
{[%clk 0:00:12]} Qxe3 {[%clk 0:01:29]} 28. Rxe3 {[%clk 0:00:14]} Rd4
{[%clk 0:01:28]} 29. Bf5 {[%clk 0:00:10]} Rf4 {[%clk 0:01:22]} 30. Bc2
{[%clk 0:00:09]} Rxc4 {[%clk 0:00:55]} 31. Bd3 {[%clk 0:00:11]} Rc5
{[%clk 0:00:57]} 32. Bxa6 {[%clk 0:00:12]} bxa6 {[%clk 0:00:58]} 33. Rd1
{[%clk 0:00:08]} f5 {[%clk 0:00:58]} 34. Red3 {[%clk 0:00:07]} Kf6
{[%clk 0:00:58]} 35. Rd6+ {[%clk 0:00:09]} Kg5 {[%clk 0:01:00]} 36. Rd7
{[%clk 0:00:10]} f4 {[%clk 0:00:50]} 37. Rg7+ {[%clk 0:00:08]} Kf6
{[%clk 0:00:51]} 38. Rxa7 {[%clk 0:00:08]} Rc2 {[%clk 0:00:51]} 39. Rxa6
{[%clk 0:00:09]} Kf5 {[%clk 0:00:43]} 40. Ra7 {[%clk 0:00:08]} Rxb2
{[%clk 0:00:42]} 41. Rf7+ {[%clk 0:00:10]} Kg6 {[%clk 0:00:40]} 42. Rc7
{[%clk 0:00:11]} Rxa2 {[%clk 0:00:39]} 43. Rxc6+ {[%clk 0:00:12]} Kf5
{[%clk 0:00:40]} 44. Rc7 {[%clk 0:00:12]} Re8 {[%clk 0:00:18]} 45. Rf7+
{[%clk 0:00:13]} Kg6 {[%clk 0:00:19]} 46. Rfd7 {[%clk 0:00:13]} Rb8
{[%clk 0:00:17]} 47. R7d5 {[%clk 0:00:09]} Re2 {[%clk 0:00:17]} 48. R5d2
{[%clk 0:00:07]} f3 {[%clk 0:00:12]} 49. gxf3 {[%clk 0:00:05]} Rxd2
{[%clk 0:00:10]} 50. Rxd2 {[%clk 0:00:06]} gxf3 {[%clk 0:00:12]} 51. Kh2
{[%clk 0:00:07]} Kf5 {[%clk 0:00:09]} 52. Ra2 {[%clk 0:00:08]} Kf4
{[%clk 0:00:08]} 53. Ra7 {[%clk 0:00:06]} Rh8+ {[%clk 0:00:07]} 54. Kg1
{[%clk 0:00:07]} Rg8+ {[%clk 0:00:08]} 55. Kf1 {[%clk 0:00:09]} Rd8
{[%clk 0:00:06]} 56. Ra1 {[%clk 0:00:08]} Rd4 {[%clk 0:00:07]} 57. Rb1
{[%clk 0:00:09]} Kg4 {[%clk 0:00:07]} 58. Kg1 {[%clk 0:00:10]} e4
{[%clk 0:00:07]} 59. Kf1 {[%clk 0:00:08]} Kh3 {[%clk 0:00:06]} 60. Ke1
{[%clk 0:00:06]} Ra4 {[%clk 0:00:07]} 61. Kd2 {[%clk 0:00:06]} Ra2+
{[%clk 0:00:05]} 62. Ke3 {[%clk 0:00:07]} Re2+ {[%clk 0:00:07]} 63. Kf4
{[%clk 0:00:08]} Rxf2 {[%clk 0:00:07]} 64. Kxe4 {[%clk 0:00:09]} Kg2
{[%clk 0:00:08]} 65. Kf4 {[%clk 0:00:08]} Re2 {[%clk 0:00:08]} 66. Rb8
{[%clk 0:00:08]} f2 {[%clk 0:00:08]} 67. Rg8+ {[%clk 0:00:09]} Kf1
{[%clk 0:00:09]} 68. Ra8 {[%clk 0:00:09]} Rb2 {[%clk 0:00:05]} 69. Kg3
{[%clk 0:00:03]} Rb3+ {[%clk 0:00:06]} 70. Kh2 {[%clk 0:00:04]} Ke2
{[%clk 0:00:06]} 0-1

[Event "Wroclaw"]
[Site "?"]
[Date "2020.08.27"]
[Round "10.3"]
[White "Mis, Mieszko"]
[Black "Golenia, Jan"]
[Result "0-1"]
[BlackElo "1956"]
[WhiteElo "2370"]
[LiveChessVersion "1.4.8"]

1. d4 {[%clk 0:03:03]} e6 {[%clk 0:03:04]} 2. c4 {[%clk 0:03:04]} b6
{[%clk 0:03:05]} 3. a3 {[%clk 0:03:05]} Bb7 {[%clk 0:03:05]} 4. Nc3
{[%clk 0:03:06]} f5 {[%clk 0:03:06]} 5. d5 {[%clk 0:03:04]} Be7 {[%clk 0:03:05]}
6. g3 {[%clk 0:03:03]} Nf6 {[%clk 0:03:06]} 7. Bg2 {[%clk 0:03:04]} e5
{[%clk 0:03:02]} 8. Nf3 {[%clk 0:03:03]} d6 {[%clk 0:02:57]} 9. Ng5
{[%clk 0:03:03]} Bc8 {[%clk 0:02:54]} 10. b4 {[%clk 0:02:49]} a6 {[%clk 0:02:42]}
11. O-O {[%clk 0:02:41]} O-O {[%clk 0:02:40]} 12. Bb2 {[%clk 0:02:35]} h6
{[%clk 0:02:40]} 13. Ne6 {[%clk 0:02:36]} Bxe6 {[%clk 0:02:38]} 14. dxe6
{[%clk 0:02:37]} Ra7 {[%clk 0:02:38]} 15. e4 {[%clk 0:02:15]} fxe4
{[%clk 0:02:24]} 16. Nxe4 {[%clk 0:02:06]} Qc8 {[%clk 0:02:17]} 17. Nxf6+
{[%clk 0:02:03]} Rxf6 {[%clk 0:02:18]} 18. c5 {[%clk 0:01:55]} bxc5
{[%clk 0:02:04]} 19. bxc5 {[%clk 0:01:56]} Kh8 {[%clk 0:02:01]} 20. cxd6
{[%clk 0:01:45]} cxd6 {[%clk 0:01:47]} 21. Bd5 {[%clk 0:01:44]} Nc6
{[%clk 0:01:13]} 22. Rc1 {[%clk 0:01:37]} Rc7 {[%clk 0:01:14]} 23. Qa4
{[%clk 0:01:22]} Nd4 {[%clk 0:00:43]} 24. Rxc7 {[%clk 0:00:46]} Ne2+
{[%clk 0:00:44]} 25. Kg2 {[%clk 0:00:40]} Qxc7 {[%clk 0:00:44]} 26. Qd7
{[%clk 0:00:18]} Qc5 {[%clk 0:00:28]} 27. Bf3 {[%clk 0:00:09]} Rxf3
{[%clk 0:00:22]} 28. Kxf3 {[%clk 0:00:09]} Qd5+ {[%clk 0:00:15]} 29. Kxe2
{[%clk 0:00:09]} Qc4+ {[%clk 0:00:14]} 30. Kf3 {[%clk 0:00:04]} Qd5+
{[%clk 0:00:15]} 31. Kg4 {[%clk 0:00:04]} Qc4+ {[%clk 0:00:05]} 32. Kh3
{[%clk 0:00:04]} Qxf1+ {[%clk 0:00:08]} 33. Kg4 {[%clk 0:00:07]} Qc4+
{[%clk 0:00:09]} 34. f4 {[%clk 0:00:08]} Qe2+ {[%clk 0:00:10]} 35. Kh3
{[%clk 0:00:06]} Qf1+ {[%clk 0:00:11]} 36. Kg4 {[%clk 0:00:07]} h5+
{[%clk 0:00:11]} 37. Kf5 {[%clk 0:00:05]} Qd3# {[%clk 0:00:12]} 0-1

[Event "Wroclaw"]
[Site "?"]
[Date "2020.08.27"]
[Round "10.4"]
[White "Szpar, Milosz"]
[Black "Dytman, Radoslaw"]
[Result "1-0"]
[BlackElo "1924"]
[WhiteElo "2275"]
[LiveChessVersion "1.4.8"]

1. Nf3 Nf6 2. c4 d6 3. g3 g6 4. Bg2 Bg7 5. O-O O-O 6. Nc3 c6 7. Rb1 a5 8. a3 e5
9. d3 Nbd7 10. b4 axb4 11. axb4 Ne8 12. b5 Qc7 13. Bb2 f5 14. Nd2 Nc5 15. Ra1
Rxa1 16. Qxa1 Nf6 17. Qa7 e4 18. dxe4 Nfxe4 19. Ndxe4 Nxe4 20. Nxe4 Bxb2 21. bxc6
fxe4 22. Rb1 Qf7 23. cxb7 Qxb7 24. Qxb7 Bxb7 25. Rxb2 Ba8 26. Rd2 e3 27. fxe3
Bxg2 28. Kxg2 Rf6 29. Rd4 Kg7 30. Rf4 Re6 31. Kf3 g5 32. Rf5 h6 33. g4 Kg6 34. h3
Re7 35. Rd5 Rf7+ 36. Kg3 Rf6 37. e4 Re6 38. Kf3 Kf6 39. Rf5+ Kg6 40. Ke3 Re7 41.
Kd4 Ra7 42. e5 dxe5+ 43. Rxe5 Ra3 44. e3 Ra2 45. Re6+ Kg7 46. c5 Rd2+ 47. Ke5 Re2
48. Kd6 Rd2+ 49. Ke7 Rc2 50. c6 Rc3 51. Kd7 Rc4 52. c7 1-0

[Event "Wroclaw"]
[Site "?"]
[Date "2020.08.27"]
[Round "10.5"]
[White "Psyk, Radoslaw"]
[Black "Golenia, Wojciech"]
[Result "1-0"]
[BlackElo "1981"]
[WhiteElo "2288"]
[LiveChessVersion "1.4.8"]

1. e4 {[%clk 0:03:03]} d6 {[%clk 0:02:48]} 2. d4 {[%clk 0:03:04]} Nf6
{[%clk 0:02:49]} 3. Nc3 {[%clk 0:03:05]} g6 {[%clk 0:02:51]} 4. Be3
{[%clk 0:03:06]} Bg7 {[%clk 0:02:49]} 5. Qd2 {[%clk 0:03:08]} c6 {[%clk 0:02:48]}
6. f3 {[%clk 0:03:07]} Qa5 {[%clk 0:02:34]} 7. g4 {[%clk 0:02:47]} h5
{[%clk 0:02:14]} 8. g5 {[%clk 0:02:48]} Nfd7 {[%clk 0:02:14]} 9. h4
{[%clk 0:02:41]} b5 {[%clk 0:02:08]} 10. Bd3 {[%clk 0:02:07]} Nb6
{[%clk 0:02:09]} 11. Nge2 {[%clk 0:02:03]} Nc4 {[%clk 0:01:57]} 12. Bxc4
{[%clk 0:02:03]} bxc4 {[%clk 0:01:58]} 13. d5 {[%clk 0:01:26]} c5
{[%clk 0:01:36]} 14. O-O {[%clk 0:01:27]} Qc7 {[%clk 0:01:20]} 15. Ng3
{[%clk 0:01:22]} Qd7 {[%clk 0:01:19]} 16. Kf2 {[%clk 0:00:59]} Na6
{[%clk 0:01:02]} 17. Qe2 {[%clk 0:01:00]} Rb8 {[%clk 0:00:59]} 18. Rab1
{[%clk 0:01:01]} Nc7 {[%clk 0:00:57]} 19. Rh1 {[%clk 0:00:55]} Rf8
{[%clk 0:00:45]} 20. Kg2 {[%clk 0:00:55]} Bxc3 {[%clk 0:00:35]} 21. bxc3
{[%clk 0:00:52]} Rxb1 {[%clk 0:00:36]} 22. Rxb1 {[%clk 0:00:53]} Qh3+
{[%clk 0:00:38]} 23. Kf2 {[%clk 0:00:39]} Qh2+ {[%clk 0:00:39]} 24. Kf1
{[%clk 0:00:18]} Qxg3 {[%clk 0:00:35]} 25. Rb8 {[%clk 0:00:19]} Kd7
{[%clk 0:00:20]} 26. Bf2 {[%clk 0:00:07]} Qh3+ {[%clk 0:00:21]} 27. Ke1
{[%clk 0:00:08]} Qh1+ {[%clk 0:00:14]} 28. Kd2 {[%clk 0:00:10]} Rd8
{[%clk 0:00:11]} 29. Qxc4 {[%clk 0:00:10]} Ke8 {[%clk 0:00:08]} 30. Qa4+
{[%clk 0:00:08]} Bd7 {[%clk 0:00:06]} 31. Qxa7 {[%clk 0:00:09]} Qxf3
{[%clk 0:00:05]} 32. Qxc7 {[%clk 0:00:07]} Qxf2+ {[%clk 0:00:06]} 33. Kc1
{[%clk 0:00:09]} Qf1+ {[%clk 0:00:05]} 34. Kb2 {[%clk 0:00:10]} Qb5+ 35. Rxb5
{[%clk 0:00:11]} Bxb5 {[%clk 0:00:05]} 36. Qb6 {[%clk 0:00:09]} Bd7
{[%clk 0:00:05]} 37. Kc1 {[%clk 0:00:09]} f6 {[%clk 0:00:06]} 38. gxf6
{[%clk 0:00:10]} Kf7 {[%clk 0:00:06]} 39. Qxd8 {[%clk 0:00:10]} 1-0